Matemáticas aplicadas : (Registro nro. 68)

000 -CABECERA
Longitud fija campo de control 00570nam a22001937a 4500
003 - IDENTIFICADOR DELl NÚMERO DE CONTROL
Identificador del número de control OSt
005 - FECHA Y HORA DE LA ÚLTIMA TRANSACCIÓN
Fecha y hora de la última transacción 20190115150038.0
008 - CÓDIGOS DE INFORMACIÓN DE LONGITUD FIJA
Códigos de información de longitud fija 030206s2002 ck 000 0 spa d
020 ## - NÚMERO INTERNACIONAL NORMALIZADO PARA LIBROS
Número Internacional Normalizado para Libros (ISBN) 9684444370
040 ## - FUENTE DE LA CATALOGACIÓN
Centro transcriptor OSt
082 04 - NÚMERO DE LA CLASIFICACIÓN DECIMAL DEWEY
Número de edición DEWEY 21
Número de clasificación Decimal 510.024658
Número de documento (Cutter) A793
100 1# - PUNTO DE ACCESO PRINCIPAL-NOMBRE DE PERSONA
Nombre de persona Arya C. Jagdish
9 (RLIN) 1025
245 00 - TÍTULO PROPIAMENTE DICHO
Título Matemáticas aplicadas :
Resto del título a la administración y la economía /
Mención de responsabilidad, etc. Jagdish C. Arya; Robin W. Lardner
250 ## - MENCIÓN DE EDICIÓN
Mención de edición 4 ed.
260 ## - PUBLICACIÓN, DISTRIBUCIÓN, ETC. (PIE DE IMPRENTA)
Lugar de publicación, distribución, etc. México :
Nombre del editor, distribuidor, etc. Pearson Prentice Hall,
Fecha de publicación, distribución, etc. 2002.
300 ## - DESCRIPCIÓN FÍSICA
Extensión 856 p.
650 04 - PUNTO DE ACCESO ADICIONAL DE MATERIA - TÉRMINO DE MATERIA
Fuente del encabezamiento o término LEMB
Subdivisión de materia general ANÁLISIS MATEMÁTICO
9 (RLIN) 1026
942 ## - ENTRADA DE ELEMENTOS AGREGADOS (KOHA)
Fuente de clasificaión o esquema
Koha [por defecto] tipo de item Libro
Existencias
Localización permanente Localización en estanterías Mostrar en OPAC Fecha adquisición Préstamos totales Disponibilidad Localización actual Tipo de Descarte Fecha último préstamo Renovaciones totales Código de barras Fecha última consulta Signatura completa Fuente de clasificación o esquema No para préstamo Restricciones de uso Número de copia Forma de Material Asignatura Fecha de Descarte
Biblioteca Central Fondo GeneralNULL2013-04-124NULLBiblioteca Central NULL2018-09-113011692018-09-13510.024658 A793 NULLNULLEj. 1Colección GeneralUSAP 
Biblioteca Central Fondo GeneralNULL2013-04-1289NULLBiblioteca Central NULL2023-10-0955011712023-10-13510.024658 A793 NULLNULLEj. 2Colección GeneralUSAP2013-04-12
Biblioteca Central Fondo GeneralNULL2013-04-1240NULLBiblioteca Central NULL2019-05-2822011722019-05-30510.024658 A793 NULLNULLEj. 3Colección GeneralUSAP2013-04-12
Biblioteca Central Fondo GeneralNULL2013-04-1259NULLBiblioteca Central NULL2019-02-0437011732019-02-11510.024658 A793 NULLNULLEj. 4Colección GeneralUSAP2013-04-12
Biblioteca Central Fondo GeneralNULL2019-07-232NULLBiblioteca Central NULL2019-10-14 174082019-10-14510.024658 A793 NULL Ej. 5Colección GeneralUSAP2019-07-23
Biblioteca Central Fondo GeneralNULL2020-01-315NULLBiblioteca Central NULL2024-10-26 176532024-11-02510.024658 A793 NULL Ej. 6Colección GeneralUSAP2020-01-31

Campus Universitario - Ave. Circunvalación - San Pedro Sula, Honduras, C.A. / Tel: +504 2561.8777 / Fax: +504 2561.8787 / Email: info@usap.edu
Todos los Derechos Reservados. © MMXIII Universidad de San Pedro Sula